000 00511nam a2200121Ia 4500
008 171212s9999 xx 000 0 und d
020 _a9781921666964
245 _ceditor Musharbash, Yasmine;Barber, Marcus
_aEthnography & the Production of Anthropological Knowledge
_bEssays in honour of Nicolas Peterson
260 _bANU E Press
_c2011
650 _aAnthropology
650 _aPeterson, Nicolas, 1941-; Anthropology -- Australia; Festschriften -- Australia
856 _uwww.jstor.org/stable/10.2307/j.ctt24h8v0
999 _c351101
_d351101